000 00648nam a2200205 a 4500
999 _c2844
_d2844
001 2844
003 BD-JhCC
005 20171111172629.0
008 171107b1986 bg ||||| |||| 00| 0 ben d
035 _a(BD-JhCC)
040 _aBD-JhCC
_dBD-JhCC
041 _aben
082 _a891.4409
_bHAQ 1986
100 _aহক, হাসান আজিজুল
245 _aচালচিত্রের খুটিনাটি /
_cহাসান আজিজুল হক
260 _aঢাকা:
_bমুক্তধারা ;
_c১৯৮৬
300 _a১৩৬ পৃ.;
_c১৬ সেমি
650 _aBelles letters
942 _2ddc
_cBK